All Steel type Pokémon - Statistics

General Stats
  • This quiz has been taken 163 times
    120 since last reset
  • The average score is 58 of 73
Answer Stats
Type Generation Pokémon % Correct
Electric-Steel 1 Magnemite
100%
Electric-Steel 1 Magneton
100%
Bug-Steel 2 Scizor
100%
Steel-Flying 2 Skarmory
99%
Steel-Psychic 3 Beldum
97%
Electric-Steel 4 Magnezone
97%
Steel-Psychic 3 Metagross
97%
Steel-Psychic 3 Metang
97%
Steel-Rock 3 Aggron
96%
Steel-Ground 2 Steelix
96%
Steel-Rock 3 Aron
94%
Water-Steel 4 Empoleon
94%
Steel-Rock 3 Lairon
94%
Fighting-Steel 4 Lucario
93%
Steel-Fairy 3 Mawile
93%
Steel-Ghost 6 Aegislash
91%
Steel-Dragon 4 Dialga
91%
Steel-Ghost 6 Doublade
91%
Grass-Steel 5 Ferroseed
91%
Grass-Steel 5 Ferrothorn
91%
Bug-Steel 2 Forretress
91%
Steel-Psychic 3 Jirachi
91%
Steel-Psychic 4 Bronzong
90%
Steel-Psychic 4 Bronzor
90%
Steel-Ghost 6 Honedge
90%
Ice-Steel 7 Alolan Sandshrew
89%
Ice-Steel 7 Alolan Sandslash
89%
Rock-Steel 4 Bastiodon
89%
5 Klang
89%
5 Klink
89%
Dark-Steel 5 Bisharp
87%
Fire-Steel 4 Heatran
87%
3 Registeel
87%
Rock-Steel 4 Shieldon
87%
5 Klinklang
86%
Dark-Steel 5 Pawniard
86%
Bug-Steel 5 Escavalier
84%
Ground-Steel 5 Excadrill
84%
Steel-Fighting 5 Cobalion
83%
Steel-Fairy 6 Klefki
83%
Steel-Dragon 8 Duraludon
80%
Bug-Steel 5 Genesect
80%
Dark-Steel 9 Kingambit
80%
Bug-Steel 5 Durant
79%
Fairy-Steel 9 Tinkaton
79%
Steel-Poison 9 Varoom
79%
Steel-Flying 7 Celesteela
77%
Rock-Steel 4 Probopass
76%
Fairy-Steel 9 Tinkatink
76%
Steel-Fairy 7 Magearna
74%
Steel-Poison 9 Revavroom
74%
Fairy-Steel 9 Tinkatuff
74%
Flying-Steel 8 Corviknight
71%
Grass-Steel 7 Kartana
70%
Fairy-Steel 8 Zacian
70%
Fighting-Steel 8 Zamazenta
70%
Steel-Dragon 8 Hisuian Goodra
67%
Ground-Steel 9 Iron Treads
67%
Psychic-Steel 7 Solgaleo
67%
Steel-Dragon 8 Hisuian Sliggoo
66%
Rock-Steel 7 Stakataka
66%
Electric-Steel 7 Togedemaru
64%
Ground-Steel 7 Alolan Diglett
63%
Ground-Steel 7 Alolan Dugtrio
63%
Steel-Ghost 9 Gholdengo
59%
9 Orthworm
56%
Ground-Steel 8 Galarian Stunfisk
53%
7 Melmetal
53%
7 Meltan
53%
8 Copperajah
46%
8 Cufant
44%
8 Galarian Meowth
44%
8 Perrserker
41%
No matching quizzes found
Score Distribution
Percent of People with Each Score
Percentile by Number Answered
Your Score History
You have not taken this quiz since the last reset